000 00358nam a2200145Ia 4500
008 150201s2003 xx 000 0 und d
082 _a611.0183
_bO2003N
100 _aNANCI ANTONIO
245 _aORAL HISTOLOGY :DEVELOPMENT STRUCTURE
250 _a6TH
260 _bMOSBY
_aDELHI
_c2003
300 _a1-445
650 _aORAL PATHOLOGY
942 _2ddc
_cBK
_01
999 _c3417
_d3417